Casalinga in carriera (Record n. 217360)
[ formato base ]
| 000 -LEADER | |
|---|---|
| campo di controllo lung. fissa | 01235nam a2200229Ia 4500 |
| 001 - Numero di controllo | |
| campo di controllo | a1833-44963 |
| 003 - Identificatore del numero di controllo | |
| campo di controllo | IT-MiCISF |
| 005 - Data e orario dell'ultima transazione | |
| campo di controllo | 20260130153332.0 |
| 008 - Elementi di lunghezza fissa--Informazione generale | |
| campo di controllo lung. fissa | 161014s9999||||xx |||||||||||||| ||und|| |
| 040 ## - Fonte della catalogazione | |
| Agenzia catalografica originale | IT-MiCISF |
| Agenzia che fa la trascrizione | IT-MiCISF |
| 041 ## - Codice di lingua | |
| Codice di lingua del testo/traccia sonora o titolo separato | it |
| 100 ## - Accesso principale -- nome di persona | |
| Nome di persona | Tumbiolo Elisa |
| 9 (RLIN) | 63283 |
| 245 #0 - Formulazione del titolo | |
| Titolo | Casalinga in carriera |
| 260 ## - Pubblicazione, distribuzione, ecc. (stampa) | |
| Luogo di pubblicazione, distribuzione, ecc. | Milano, |
| Nome dell'editore, distributore, ecc. | Ares, |
| Data di pubblicazione, distribuzione, ecc. | 2008 |
| 300 ## - Descrizione fisica | |
| Estensione | pp. 181 |
| 500 ## - Nota generale | |
| Nota generale | / donna, madre-lavoratrice, lavoro-domestico / |
| 520 ## - Riassunto, ecc. | |
| Nota di riassunto, ecc. | Questo libro narra strategie per organizzare con efficacia la casa, non rinunciare alle proprie aspirazioni professionali e avere molto più tempo per se stesse. Ogni fatto ed episodio qui raccontati non sono frutto di fantasia, ma vita vera di ogni giorno e trasmettono fedelmente il percorso interiore compiuto dall'A. che, chiudendo queste pagine, non si sente moglie, madre, amica e professionista perfetta, ma semplicemente donna consapevole e felice. Fra i dubbi e i problemi posti dal quotidiano, emerge una certezza: la realizzazione femminile sul lavoro e in società si fonda sul cuore e sulla responsabilità che solo una donna sa mettere e prendersi nella sfera domestica. |
| 650 ## - Accesso aggiunto di soggetto--termine topico | |
| Termine topico o nome geografico come accesso | Donna |
| 654 ## - Accesso aggiunto di soggetto--termini topici faccettati | |
| Termine principale | saggio |
| 942 ## - Dati aggiuntivi (Koha) | |
| Tipo copia default (Koha) | LIBRO |
| Fonte della classificazione o dello schema di collocazione (segnatura) | Dewey Decimal Classification |
| 999 ## - Sys Number locale (Koha) | |
| Koha Dewey Subclass [OBSOLETE] | si |
| Ritirato (status) | Perso (status) | Danneggiato (status) | Non per il presito | Biblioteca proprietaria | Biblioteca in cui si trova | Data d'acquisizione | Totale prestiti | Collocazione | Data ultima operazione | Prezzo in vigore dal | Tipo copia default (Koha) | Nota pubblica |
|---|---|---|---|---|---|---|---|---|---|---|---|---|
| Buone Condizioni | Not For Loan | CISF - Milano | CISF - Milano | 14/10/2016 | a1833-44963 | 14/10/2016 | 14/10/2016 | LIBRO | Data import 15.10.2016 / by Epidotti, Vaglietti |